000 00451nam a2200157 a 4500
001 000030733
005 20200930062458.0
008 110526s1966 dr a 000 p spa d
040 _aDO-SdBNP
_bspa
_cBNPHU
082 _axxx
_bW766c
100 1 _aWindt Lavandier, Julio de
_926376
245 1 0 _aCastalia de cristal /
_cJulio de Windt Lavandier.
260 _aSanto Domingo :
_bArte y Cine,
_c1966.
300 _a124 p. :
_bil. ;
_c23 cm.
049 _aBNPD
999 _c30225
_d30225